The unwinding : (Record no. 1207)

MARC details
000 -LEADER
fixed length control field 02067cam a2200397 i 4500
005 - DATE AND TIME OF LATEST TRANSACTION
control field 20260322212051.0
008 - FIXED-LENGTH DATA ELEMENTS--GENERAL INFORMATION
fixed length control field data
010 ## - LIBRARY OF CONGRESS CONTROL NUMBER
LC control number 2013004431
020 ## - INTERNATIONAL STANDARD BOOK NUMBER
International Standard Book Number 9780374102418 (hardcover)
020 ## - INTERNATIONAL STANDARD BOOK NUMBER
International Standard Book Number 0374102414
040 ## - CATALOGING SOURCE
Original cataloging agency DLC
Language of cataloging eng
Transcribing agency DLC
Description conventions rda
Modifying agency DLC
042 ## - AUTHENTICATION CODE
Authentication code pcc
043 ## - GEOGRAPHIC AREA CODE
Geographic area code n-us---
050 00 - LIBRARY OF CONGRESS CALL NUMBER
Classification number E839
Item number .P28 2013
082 00 - DEWEY DECIMAL CLASSIFICATION NUMBER
Classification number 973.924
Edition information 23
092 ## - LOCALLY ASSIGNED DEWEY CALL NUMBER (OCLC)
Classification number 973.92 P28 2013
001 - CONTROL NUMBER
control field data
100 1# - MAIN ENTRY--PERSONAL NAME
Personal name Packer, George,
Dates associated with a name 1960-
245 14 - TITLE STATEMENT
Title The unwinding :
Remainder of title an inner history of the new America /
Statement of responsibility, etc. George Packer.
250 ## - EDITION STATEMENT
Edition statement First edition.
264 #1 - PRODUCTION, PUBLICATION, DISTRIBUTION, MANUFACTURE, AND COPYRIGHT NOTICE
Place of production, publication, distribution, manufacture New York :
Name of producer, publisher, distributor, manufacturer Farrar, Straus and Giroux,
Date of production, publication, distribution, manufacture, or copyright notice 2013.
300 ## - PHYSICAL DESCRIPTION
Extent viii, 434 pages ;
Dimensions 24 cm
336 ## - CONTENT TYPE
Content type term text
Source rdacontent
337 ## - MEDIA TYPE
Media type term unmediated
Source rdamedia
338 ## - CARRIER TYPE
Carrier type term volume
Source rdacarrier
504 ## - BIBLIOGRAPHY, ETC. NOTE
Bibliography, etc. note Includes bibliographical references (pages 431-434).
505 0# - FORMATTED CONTENTS NOTE
Formatted contents note Part I -- 1978 -- Dean Price -- Total War : Newt Gingrich -- Jeff Connaughton -- 1984 -- Tammy Thomas -- Her Own : Oprah Winfrey -- 1987 -- Jeff Connaughton -- Dean Price -- Mr. Sam : Sam Walton -- 1994 -- Jeff Connaughton -- Tammy Thomas -- Just Business : Jay-Z -- Silicon Valley -- 1999 -- Biography : Alice Waters -- Dean Price -- Tammy Thomas -- 2003 -- Institution Man (1) : Colin Powell -- Jeff Connaughton -- Part II -- Dean Price -- Biography : Andrew Breitbart -- Tampa -- 2008 -- Silicon Valley -- Institution Man (2) : Robert Rubin -- Jeff Connaughton -- Tammy Thomas -- Dean Price -- Tampa -- Part III -- Jeff Connaughton -- 2010 -- Biography : Elizabeth Warren -- Tampa -- Dean Price -- Tammy Thomas -- Tampa -- Wall Street -- 2012 -- Silicon Valley -- Jeff Connaughton -- Tampa -- Tammy Thomas -- Dean Price.
650 #0 - SUBJECT ADDED ENTRY--TOPICAL TERM
Topical term or geographic name entry element Social problems
Geographic subdivision United States.
650 #0 - SUBJECT ADDED ENTRY--TOPICAL TERM
Topical term or geographic name entry element Crises
Geographic subdivision United States.
650 #0 - SUBJECT ADDED ENTRY--TOPICAL TERM
Topical term or geographic name entry element Politicians
Geographic subdivision United States
Form subdivision Biography.
650 #0 - SUBJECT ADDED ENTRY--TOPICAL TERM
Topical term or geographic name entry element Celebrities
Geographic subdivision United States
Form subdivision Biography.
651 #0 - SUBJECT ADDED ENTRY--GEOGRAPHIC NAME
Geographic name United States
General subdivision History
Chronological subdivision 1969-
651 #0 - SUBJECT ADDED ENTRY--GEOGRAPHIC NAME
Geographic name United States
General subdivision Social conditions
Chronological subdivision 1980-
651 #0 - SUBJECT ADDED ENTRY--GEOGRAPHIC NAME
Geographic name United States
Form subdivision Biography.
651 #0 - SUBJECT ADDED ENTRY--GEOGRAPHIC NAME
Geographic name United States
General subdivision Politics and government
Chronological subdivision 1989-
Holdings
Withdrawn status Lost status Damaged status Not for loan Home library Current library Shelving location Date acquired Total checkouts Full call number Barcode Date last seen Price effective from Koha item type
        Centerville Centerville General stacks 22/03/2026   973.924 23 BC0011246 22/03/2026 22/03/2026 Books